Statistics for 東京都バス協会会員事業者

Click here to take the quiz!

General Stats

  • This quiz has been taken 23 times
  • The average score is 17 of 94

Answer Stats

Answer% Correct
京成バス
90%
東武バス
90%
西武バス
90%
東京都交通局
85%
京王バス
85%
東急バス
85%
小田急バス
85%
京王バス
85%
関東バス
75%
西東京バス
70%
京浜急行バス
65%
国際興業
65%
京成タウンバス
65%
立川バス
55%
東京空港交通
50%
神奈川中央交通
50%
はとバス
50%
東武バスセントラル
45%
西武観光バス
40%
富士急バス
35%
東急トランセ
35%
東都観光バス
25%
日立自動車交通
20%
小田急ハイウェイバス
20%
WILLER EXPRESS
20%
フジエクスプレス
15%
朝日自動車
15%
アルピコ交通
15%
ジェイアールバス関東
15%
大新東
10%
東京シティ観光
10%
日の丸自動車興業
10%
帝産観光バス
10%
ジェイアールバステック
10%
東北急行バス
10%
東京ヤサカ観光バス
10%
大島旅客自動車
5%
三宅村
5%
新日本観光自動車
5%
東京ワーナー観光
5%
ニッコー観光バス
5%
総合観光バス
5%
平成エンタープライズ
5%
八丈町
5%
バスウェイ
5%
ワールド自興
5%
神奈中観光
5%
東京バス
5%
中日臨海バス
5%
武州交通興業
5%
群馬バス
5%
東交観光バス
5%
桜交通
0%
和光輸送
0%
丸谷商事
0%
伊豆箱根バス
0%
所沢観光バス
0%
東京遊覧観光バス
0%
東京観光バス
0%
丹沢交通
0%
日下部観光バス
0%
東礼自動車
0%
亜希プロ
0%
共同観光バス
0%
京王自動車バスサービス
0%
あかばしゃ
0%
小田通商
0%
ふじばす
0%
アイビーエス
0%
彩京リムジン
0%
東京パッセンジャー
0%
日本中央バス
0%
南多摩運送
0%
ニュープリンス観光バス
0%
東京福祉バス
0%
青和観光
0%
西部観光バス
0%
ニューつくば
0%
東栄運輸
0%
豊自動車交通
0%
南街観光バス
0%
東京滋賀交通
0%
宮園自動車
0%
ジャパン・グリーン
0%
kmモビリティサービス
0%
瑞穂
0%
丸大観光
0%
プリンシプル自動車
0%
東京交通
0%
冨士自動車
0%
宮園バス
0%
大和観光バス
0%
HMC東京
0%
TCB観光
0%

Score Distribution

Percentile by Number Answered

Percent of People with Each Score

Your Score History

You have not taken this quiz